Studies on the impact of winter climate on rubber and wheat cultivation in the mountains of southern China, applying a fuzzy cluster analysis (Record no. 69701)

MARC details
000 -LEADER
fixed length control field 00457nam a2200133Ia 4500
100 ## - MAIN ENTRY--AUTHOR NAME
Personal name Chen S B
245 #0 - TITLE STATEMENT
Title Studies on the impact of winter climate on rubber and wheat cultivation in the mountains of southern China, applying a fuzzy cluster analysis
260 ## - PUBLICATION, DISTRIBUTION, ETC. (IMPRINT)
Name of publisher International Journal of Biometeorology
Year of publication 1992
300 ## - PHYSICAL DESCRIPTION
Number of Pages 159-164
500 ## - GENERAL NOTE
General note Source Year: 1993
856 ## - ELECTRONIC LOCATION AND ACCESS
Uniform Resource Identifier HOA
942 ## - ADDED ENTRY ELEMENTS (KOHA)
Koha item type Journals
Holdings
Withdrawn status Lost status Damaged status Not for loan Home library Current library Date acquired Serial Enumeration / chronology Koha item type
      Journals RRII Library RRII Library 17/12/2021 Volume 36, Issue 3 Journals